000 00372nam a2200133Ia 4500
008 220217s9999||||xx |||||||||||||| ||und||
020 _a0-07-049537-8
082 _a006.6 UND
100 _aUnderdahl, Brian
_92849
245 0 _aMacromedia flash MX : the complete reference
260 _aPearson education asia
_bDelhi
_c2002
300 _b495
650 _aMULTIMEDIA
999 _c170125
_d170125